Juliette y las canciones perdidas (Record no. 5035)

MARC details
000 -CABECERA
campo de control de longitud fija 02227nam a22002417a 4500
008 - DATOS DE LONGITUD FIJA--INFORMACIÓN GENERAL
campo de control de longitud fija 251013b |||||||| |||| 00| 0 eng d
020 ## - NÚMERO INTERNACIONAL ESTÁNDAR DEL LIBRO
Número Internacional Estándar del Libro 9788408283362
040 ## - FUENTE DE LA CATALOGACIÓN
Centro/agencia transcriptor TBS
041 ## - CÓDIGO DE LENGUA
Código de lengua del texto/banda sonora o título independiente spa
100 ## - ENTRADA PRINCIPAL--NOMBRE DE PERSONA
Nombre de persona Longarela, Andrea
9 (RLIN) 26121
Término indicativo de función/relación author
245 ## - MENCIÓN DE TÍTULO
Título Juliette y las canciones perdidas
Mención de responsabilidad, etc. / Andrea Longarela.
260 ## - PUBLICACIÓN, DISTRIBUCIÓN, ETC.
Lugar de publicación, distribución, etc. Barcelona :
Nombre del editor, distribuidor, etc. Planeta Publishing,
Fecha de publicación, distribución, etc. 2024
300 ## - DESCRIPCIÓN FÍSICA
Extensión 447 pages ;
Dimensiones 23 cm.
520 ## - SUMARIO, ETC.
Sumario, etc. Juliette vive en un agujero. Se sienta en él y ve la vida pasar. No le gusta su trabajo. No tiene inquietudes. No recuerda lo que significa soñar. Y hace tiempo que renunció al amor.<br/><br/>Pero, entonces, un hombre muere.<br/><br/>Y todo cambia.<br/><br/>De repente, se encuentra en un pequeño pueblo de casas de colores y su camino se cruza con el de otras personas que acabarán siendo imprescindibles para ella. Una anciana a la que le atormenta la tristeza de las flores, un niño sin voz que las roba, un hombre que ama los libros y las cosas brillantes con la misma intensidad, un pintor incapaz de acabar un cuadro…<br/><br/>Todos ellos, junto a un puñado de cartas olvidadas, ayudarán a Juliette a entender que el amor existe y que es maravilloso en todas sus versiones.
520 ## - SUMARIO, ETC.
Sumario, etc. Juliette lives in a hole. She sits there and watches life go by. She doesn’t like her job. She has no ambitions. She can’t remember what it means to dream. And she gave up on love a long time ago.<br/><br/>But then, a man dies.<br/><br/>And everything changes.<br/><br/>Suddenly, she finds herself in a small, colorful village, where her path crosses with others who will become essential to her. An old woman tormented by the sadness of flowers, a voiceless boy who steals them, a man who loves books and shiny things with the same passion, a painter unable to finish a single painting…<br/><br/>All of them, together with a handful of forgotten letters, will help Juliette realize that love exists—and that it is wonderful in all its forms.
650 #0 - PUNTO DE ACCESO ADICIONAL DE MATERIA--TÉRMINO DE MATERIA
Término de materia o nombre geográfico como elemento de entrada Letters
Subdivisión de forma Fiction
9 (RLIN) 26122
650 #0 - PUNTO DE ACCESO ADICIONAL DE MATERIA--TÉRMINO DE MATERIA
Término de materia o nombre geográfico como elemento de entrada Life change events
Subdivisión de forma Fiction
9 (RLIN) 24020
650 #0 - PUNTO DE ACCESO ADICIONAL DE MATERIA--TÉRMINO DE MATERIA
Término de materia o nombre geográfico como elemento de entrada Man-woman relationships
Subdivisión de forma Fiction
9 (RLIN) 11134
650 #0 - PUNTO DE ACCESO ADICIONAL DE MATERIA--TÉRMINO DE MATERIA
Término de materia o nombre geográfico como elemento de entrada Spanish fiction
Subdivisión cronológica 21st century
9 (RLIN) 26123
650 #0 - PUNTO DE ACCESO ADICIONAL DE MATERIA--TÉRMINO DE MATERIA
Término de materia o nombre geográfico como elemento de entrada Women
Subdivisión general Conduct of life
Subdivisión de forma Fiction
9 (RLIN) 26124
655 #0 - TÉRMINO DE INDIZACIÓN--GÉNERO/FORMA
Datos o término principal de género/forma Romance fiction
9 (RLIN) 22778
942 ## - ELEMENTOS DE ENTRADA AGREGADA (KOHA)
Fuente del sistema de clasificación o colocación Clasificación de Library of Congress
Holdings
Estado de retiro Estado de pérdida Fuente del sistema de clasificación o colocación Estado dañado No para préstamo Biblioteca de origen Biblioteca actual Fecha de adquisición Total de préstamos Signatura topográfica completa Código de barras Fecha visto por última vez Número de copia Precio válido a partir de Tipo de ítem Koha
    Clasificación de Library of Congress     TBS Barcelona TBS Barcelona 13/10/2025   P-SP LON B07677 13/10/2025 1 13/10/2025 Book

Powered by Koha